00583nam a2200157Ia 4500008004100000020001800041050002400059082002100083100002900104245008200133260002200215300001600237650004200253952011300295999001700408121101s9999 xx 000 0 und d a968-6014-13-6 aHF 5681 B2 P4 1991 a657.3 P433a 1991 aPerdomo Moreno, Abraham. aAnálisis e interpretación de estados financieros / Abraham Perdomo Moreno aMéxico : ECAFSA aXVI, 240 p. a1. ESTADOS FINANCIEROS - ANALISIS.Ì 00104070a12b12d2008-11-28l1oHF 5681 B2 P4 1991p12 001854r2015-08-25s2015-08-25t1w2012-11-01yLB c87449d87449